| 000 | 00942nam a2200289 a 4500 | ||
|---|---|---|---|
| 001 | 26500 | ||
| 003 | CO-ViMGA | ||
| 005 | 20230915224034.0 | ||
| 008 | 141112s2004 ck r 000 u spa d | ||
| 015 | _ack - 2002 - xxxx | ||
| 020 | _a9582002093 | ||
| 035 | _aAHP0783 LA | ||
| 040 |
_aCO-ViMGA _bspa _cCO-ViMGA |
||
| 041 | _aspa | ||
| 043 | _as - ck - - - | ||
| 090 | _aP MAL3 | ||
| 100 | 1 | _aMalaver, Olga, 1941 - | |
| 240 | _aQuindío - Bibliografía regional | ||
| 245 | 1 | 0 |
_aMudanza a sentidos nuevos / _cOlga Malaver. |
| 260 |
_aBogotá : _bCooperativa Editorial Magisterio |
||
| 300 | _a77 p. ; 21 cm. | ||
| 490 | _aPiedra de sol. Magisterio | ||
| 650 | 1 | 4 |
_aPOESÍA COLOMBIANA. _91069 |
| 942 |
_2ddc _cBK |
||
| 949 | _ac c | ||
| 999 |
_c11018 _d11018 |
||